000
00290nam a22001337a 4500
008
170310b xxu||||| |||| 00| 0 eng d
020
_a
0781703107
041
_a
eng
080
_a
611
100
_a
6
101
_a
SHM
245
_a
MUSCULOSKELETAL SYSTEM
_c
BERQUIST.TH.M
942
_2
udc
_c
BK
999
_c
7415
_d
7415